1466 1155 1525 1057 1357 1340 1970 1609 1428 1693 1952 1387 1819 1567 1601 1536 1904 1669 1924 1661 1967 1718 1228 1582 1072 1269 1831 1976 1244 1286 1948 1912 1514 1280 1306 1717 1942 1210 1762 1826 1067 1859 1751 1547 1375 1841 1655 1174 1331 1605 1395 1911 1757 1506 1913 1352 1426 1879 1044 1172 1258 1743 1764 1081 1371 1733 1008 1102 1765 1283 1940 1658 1847 1543 1962 1310 1728 1132 1970 1587 1899 1106 1964 1672 1818 1405 1591 1123 1600 1327 1382 1780 1690 1602 1125 2000 1509 1931 1315 BCNSPRNW ULIB Ver.6.0+V

เปลี่ยนเป็นภาษาไทย

Change to English
 แสดงรายละเอียดบรรณานุกรม
  กลับหน้าหลัก

Brief Record : Get Marc (ISO 2709) : E-mail record : QR code < ปิดหน้าต่าง
LEADER : 00000nam 2200000uu 4500
001    13399112921
003     ULIB
008    110919s2552||||th 000 0 tha d
020    9786165200110
090    นว.^bว264บ 2552
100 0  วรรณศุกร์
245 00 บัลลังก์รักครีษมายัน/^cวรรณศุกร์
250    พิมพ์ครั้งที่ 1
260    กรุงเทพฯ :^b1168,^c2552
300    288 หน้า
945    ^p195^l0^i16417
995    กัณชพร
999     ^aใช้งานได้ทุกระบบ
รายการนี้ยังไม่มีแท็ก
คุณยังไม่ได้ล็อกอิน คุณสามารถมีกิจกรรมร่วมกับเว็บไซต์ได้ แต่ต้องล็อกอินก่อน ::
  ล็อกอิน

รายการสื่อสารสนเทศ

ลำดับที่ ประเภท เลขเรียก/บาร์โค้ด สถานที่ สถานะ
1. นวนิยาย
นวนิยาย
นว. ว264บ 2552  
  Barcode: 16417
ห้องสมุดวิทยาเขตสวรรค์ประชารักษ์
►นวนิยาย
บนชั้น
  ขอยืม

รายการใกล้เคียง
    ผู้แต่ง [วรรณศุกร์]

BibComment


ยังไม่เคยถูกคอมเมนท์

คอมเมนท์ทรัพยากรรายการนี้
  คอมเมนท์: บัลลังก์รักครีษมา..


 Copyright 2026. Bcnsprnw @Library